000 01074cam a2200253 a 4500
005 20200104041546.0
008 140313s1999 gw ||||fr|||| 00| 0 eng d
040 _aCO-BoIAVH
_cCO-BoIAVH
041 0 _aeng
044 _agx
082 0 4 _a570.72
_bS27r
111 2 _aSBSTTA
_cAlemania
_dApril 13-15, 1999
_n4
242 1 0 _aReporte de la reunión de expertos en preparación de la cuarta reunión del SBSTTA
_bAbril 13-15, 1999
_cHorst Korn, Jutta Stadler
_yspa
245 1 0 _aReport on the expert meeting in preparation of the fourth meeting of SBSTTA
_bApril 13-15, 1999
_cHorst Korn, Rainer Schliep, Jutta Stadler, Cordula Epple
260 3 _aBonn
_bFederal Ministry of Environment, Nature Conservation and Nuclear Safety
_c1999
300 _a30 páginas ;
_c30 x 21 cm
590 _a242 traducción por la agencia catalogadora
650 6 _aConservación de la naturaleza
650 6 _aEspecies exóticas
650 6 _aBiotecnología
700 1 _aKorn, Horst
_eeditor
700 1 _aStadler, Jutta
_eeditor
942 _cLIBRO
_2ddc
999 _c4021
_d4021